London Underground - Elizabeth Line - Statistics

General Stats
  • This quiz has been taken 173 times
  • The average score is 22 of 41
Answer Stats
Station % Correct
Reading
83%
Tottenham Court Road
81%
Liverpool Street
77%
Paddington
76%
Bond Street
71%
Farringdon
70%
Stratford
63%
Canary Wharf
62%
Shenfield
62%
Whitechapel
62%
Maidenhead
61%
Slough
61%
Ealing Broadway
59%
Woolwich
58%
Acton Main Line
57%
Romford
56%
Heathrow Terminal 4
55%
Abbey Wood
54%
Heathrow Terminal 5
54%
West Ealing
53%
Taplow
52%
Twyford
52%
Brentwood
51%
Ilford
51%
Iver
51%
Hayes & Harlington
48%
Custom House
45%
Maryland
45%
Seven Kings
45%
Hanwell
44%
Harold Wood
44%
Southall
44%
West Drayton
44%
Forest Gate
43%
Manor Park
43%
Burnham
42%
Heathrow Terminals 2 & 3
40%
Chadwell Heath
39%
Goodmayes
39%
Langley
38%
Gidea Park
29%
No matching quizzes found
Score Distribution
Percent of People with Each Score
Percentile by Number Answered
Your Score History
You have not taken this quiz